A literatura de viagens nos séculos XVI e XVII (Registo nº 201933)

Detalhes MARC
000 -Etiqueta do registo
Valores 00708nam 22002053 4500
021 ## - Número do Depósito Legal
Código do país Portugal
Número 6572/84
100 ## - Dados gerais de processamento
Dados gerais 20260423d u||y0pory50 ba
200 ## - Titulo e menção de responsabilidade
Título próprio A literatura de viagens nos séculos XVI e XVII
Informação de outro título apresentação crítica, selecção e fixação do texto, notas e sugestões para análise literária
Primeira menção de responsabilidade Manuel Simões
205 ## - Menção da edição
Edição
210 ## - Publicação
Local de publicação Lisboa
Nome do editor Editorial Comunicação
Data de publicação 1985
215 ## - Descrição física 
Paginação / Volumes 128, [4] p.
Outras indicações físicas brochado
Dimensões 19 cm
225 ## - Colecção 
Título próprio da colecção Textos literários
Número de parte ou secção 40
606 ## - Nome comum usado como assunto
ID Autoridade 3661
Palavra de ordem Crítica Literária.Estudos Literários
675 ## - CDU
Notação 82.09
Edição PT
Língua por
700 ## - Autor principal (pessoa individual)
ID Autoridade 5964
Apelido Simões
Nome Manuel
Datas 1933-
801 ## - Fonte de origem
País PT
Agência BMMN
Regras de catalogação RPC
830 ## - Notas gerais do catalogador
Criado por Vanda
990 ## - Elementos KOHA
Tipo de documento Livro
Exemplares
Situação do levantamento Biblioteca de origem Código de barras Cota Permissão de empréstimo Tipo de documento Forma de aquisição
  Biblioteca Municipal de Montemor-o-Novo 31332 82.09 SIM|DEP   Livro Compra

Powered by Koha